Die größten Städte Europas (Einwohner) - Statistiken

Allgemein
  • Dieses Quiz wurde 281 mal gespielt
  • Das Durchschnittsergebnis liegt bei 19 aus 25
Antwortstatistiken
Einwohner Stadt % Korrekt
3.735.164 Berlin
99%
3.305.408 Madrid
99%
12.455.682 Moskau
99%
8.799.900 London
98%
2.139.907 Paris
98%
1.888.879 Hamburg
95%
2.761.632 Rom
95%
1.636.732 Barcelona
94%
1.505.254 München
93%
15.907.951 Istanbul
89%
1.982.442 Wien
89%
1.792.718 Warschau
87%
1.706.851 Budapest
84%
1.371.498 Mailand
84%
1.275.406 Prag
84%
5.384.342 St. Petersburg
82%
2.962.180 Kiew
80%
1.819.419 Bukarest
79%
1.307.439 Sofia
63%
2.009.786 Minsk
57%
1.344.844 Belgrad
53%
1.144.900 Birmingham
49%
1.433.886 Charkiw
21%
1.244.254 Nischni Nowgorod
17%
1.257.341 Kasan
16%
Keine übereinstimmenden Quizze gefunden
Verteilung der Resultate
Anzahl Personen mit jedem Resultat
Perzentil nach korrekt beantworteten Fragen
Ihre Resultats-Entwicklung
Sie haben dieses Quiz noch nicht gespielt